000 00899nas a2200289 454500
001 IICA0600429
003 BR-BrBNA
005 20260323111523.0
007 ta
008 260323b bl.|||p| |||| 00| 00por d
040 _aBR-BrBNA
_bpor
_cBiblioteca Nacional de Agricultura
041 _a(Es)
072 _aH20; F30
100 1 _aDesrosiers, R.
100 1 _aBolanos, C.W.
100 1 _aVargas, J.
245 1 _aEvaluacion de clones de cacao em relacion con su resistencia a la escoba de bruja (Marasmius perniciosus, Stahel)
300 _av. 5 (3) p. 78-82
650 _aCACAU
650 _aTHEOBROMA CACAO
650 _aMELHORAMENTO GENETICO VEGETAL
650 _aVARIEDADE RESISTENTE
650 _aVASSOURA-DE-BRUXA
773 0 _tTURRIALBA (IICA)
_X0041-4360
_g(Jul-Sept 1955), v. 5 (3) p. 78-82
_wIICA0600429
909 _a202603
_bLúcia
_c55
_dLúcia Elande
942 _2IICA
_n0
_cANA
999 _c340680
_d340680